[La Inmaculada] (Record no. 102925)

MARC details
000 -LEADER
campo de control de longitud fija 01908nka a2200349 i 4500
001 - NÚMERO DE CONTROL
campo de control 102925
003 - IDENTIFICADOR DE NÚMERO DE CONTROL
campo de control ES-MaACL
005 - FECHA Y HORA DE LA ÚLTIMA TRANSACCIÓN
campo de control 20250822063148.0
007 - CAMPO FIJO DE DESCRIPCIÓN FÍSICA--INFORMACIÓN GENERAL
campo de control de longitud fija t|
008 - DATOS DE LONGITUD FIJA--INFORMACIÓN GENERAL
campo de control de longitud fija 051220q1875 sp f | |r||1c|spa d
100 1# - ENTRADA PRINCIPAL--NOMBRE DE PERSONA
Nombre de persona Serra y Mas, Pascual,
Fechas asociadas al nombre fl. 1869-1875
Término indicativo de función/relación Dibujante
-- Grabador
9 (RLIN) 105662
245 14 - MENCIÓN DEL TÍTULO
Título [La Inmaculada]
Medio [Material gráfico] /
Mención de responsabilidad, etc. Bartolomé Murillo lo pintó ; Pascual Serra dibujó y grabó
260 ## - PUBLICACIÓN, DISTRIBUCIÓN, ETC.
Lugar de publicación, distribución, etc. [S.l. :
Nombre del editor, distribuidor, etc. s.n.,
Fecha de publicación, distribución, etc. ca. 1875]
300 ## - DESCRIPCIÓN FÍSICA
Extensión 1 estampa :
Otras características físicas grabado calcográfico ;
Dimensiones 478 x 297 mm
490 1# - MENCIÓN DE SERIE
Mención de serie Colección facticia de grabados ;
Designación de volumen o secuencia 6
520 ## - RESUMEN, ETC.
Sumario, etc. Durante el siglo XIX la fama de Murillo no sólo fue en aumento, sino que creció al ponerse de moda con el Romanticismo. En 1878 Pascual Serra acudió a la Exposición Universal de París con esta obra, que reproduce una de las Inmaculadas más famosas de Murillo, denominada Concepción de Aranjuez, realizada hacia 1670; en ella la Virgen aparece sobre una media Luna, con la mirada dirigida al cielo, y a sus pies hay un grupo de ángeles con atributos de pureza, portando palmas y azucenas
520 ## - RESUMEN, ETC.
Sumario, etc.
530 ## - NOTA DISPONIBLE DE FORMULARIO FÍSICO ADICIONAL
Nota de formato físico adicional disponible Disponible en formato digital
600 04 - PUNTO DE ACCESO ADICIONAL DE MATERIA--NOMBRE DE PERSONA
Nombre de persona Virgen María
9 (RLIN) 115436
650 #7 - PUNTO DE ACCESO ADICIONAL DE MATERIA--TÉRMINO DE MATERIA
Término de materia o nombre geográfico como elemento de entrada Inmaculada Concepción
Fuente del encabezamiento o término embne
9 (RLIN) 162762
650 #7 - PUNTO DE ACCESO ADICIONAL DE MATERIA--TÉRMINO DE MATERIA
Término de materia o nombre geográfico como elemento de entrada Ángeles
Fuente del encabezamiento o término embne
9 (RLIN) 9825
655 #7 - TERMINO DE INDIZACIÓN--GENERO/FORMA
Datos o término principal de género/forma Grabados calcográficos
Fuente del término tgfbne
9 (RLIN) 241761
655 #7 - TERMINO DE INDIZACIÓN--GENERO/FORMA
Datos o término principal de género/forma Grabados
Fuente del término tgfbne
9 (RLIN) 226846
655 #4 - TERMINO DE INDIZACIÓN--GENERO/FORMA
Datos o término principal de género/forma Reproducciones de obras de arte
9 (RLIN) 241931
700 1# - ENTRADA AGREGADA--NOMBRE PERSONAL
Nombre de persona Murillo, Bartolomé Esteban,
Fechas asociadas al nombre 1617-1682
Término indicativo de función/relación Artista
9 (RLIN) 84581
830 #0 - PUNTO DE ACCESO ADICIONAL DE SERIE-TÍTULO UNIFORME
Título uniforme Colección facticia de grabados ;
Designación de volumen o secuencia 6
9 (RLIN) 184692
852 4# - LOCALIZACIÓN
Ubicación ES-MaACL
Ubicación en estantería Depósito 2
Número de control de estantería GF-2(6)
856 4# - LOCALIZACIÓN Y ACCESO ELECTRÓNICOS
Identificador Uniforme de Recursos <a href="https://museotik.euskadi.eus/autoria-murillo-bartolome-esteban-perez-serra-pascual/titulo-inmaculada-concepcion/objeto-estampa/museotik-ca-151184/webmus00-contenedor/es/">https://museotik.euskadi.eus/autoria-murillo-bartolome-esteban-perez-serra-pascual/titulo-inmaculada-concepcion/objeto-estampa/museotik-ca-151184/webmus00-contenedor/es/</a>
Texto de enlace Versión en línea
Nota pública (Museotik)
942 ## - ELEMENTOS DE ENTRADA SECUNDARIOS (KOHA)
Fuente del sistema de clasificación o colocación Clasificación decimal universal
Tipo de ítem Koha Grabado
Suprimir en OPAC No
Holdings
Estatus retirado Estado de pérdida Fuente del sistema de clasificación o colocación Estado de daño No para préstamo Colección Biblioteca de origen Biblioteca actual Ubicación en estantería Fecha de adquisición Total de préstamos Signatura topográfica completa Código de barras Visto por última vez Tipo de ítem Koha
    Clasificación decimal universal     Colección digital Biblioteca del Ateneo de Madrid Biblioteca del Ateneo de Madrid Depósito 2 17/01/2008   GF-2(6) 1107461 23/02/2023 Grabado